000 01689cab a2200397 4500
001 ABS59172
008 090401t1998 xxu||||| |||| 00| 0 eng d
035 _a(Sirsi) u88390
041 _aeng
245 _aGuide to economic and monetary union
260 _c1998
350 _a0
490 _aFinancial Times Guide
_vJuly 1998, LOAN
520 _aReviews the political implications and recent historic background to economic monetary union (Emu). Discusses the macroeconomics of Emu, investigating its effects on various EU economies. Examines the problems of overregulated markets and welfare systems, and sets out a six-part analysis of the monetary policy options under Emu. Considers the practical issues of Emu; how institutions, companies and public administrations have been preparing; and sets out a check list for companies. Examines the affects of Emu on the financial sector and the four non-financial sectors - retail, agriculture, travel and coin handling machine operators - which will be fundamentally affected. Includes case studies.
650 _aAGRICULTURAL SECTOR
650 _aBACKGROUND
650 _aCOIN HANDLING MACHINE OPERATORS
650 _aCOMPANIES
650 _aCORPORATE FUNCTIONS
650 _aECONOMIES
650 _aEMU
650 _aEU
650 _aFINANCIAL SECTOR
650 _aMACROECONOMICS
650 _aMONETARY POLICY
650 _aPAYMENT SYSTEMS
650 _aPOLITICAL IMPLICATIONS
650 _aPREPARATION
650 _aPUBLIC ADMINISTRATION
650 _aREGULATION
650 _aRETAIL SECTOR
650 _aTRAVEL INDUSTRY
690 _aEUROPE-SINGLE MARKET
942 _n0
948 _c09/09/1998
999 _c55829
_d55829